El horizonte global del derecho internacional privado

Detalles Bibliográficos
Autor principal: Van Loon, Hans
Formato: eBook
Lenguaje:español
Publicado: Caracas: Revista Venezolana de Legislacin̤ y Jurisprudencia, 2020
Materias:
Acceso en línea:Acceso restringido

MARC

LEADER 00000nam a22000007a 4500
005 20220502223641.0
007 cr|||| ||||
008 220502s2020 ve |||||s|||| 00||0 spa d
020 |a 978-980-7561-12-9 
035 |a 36205 
040 |a vLex 
090 |c 13258  |d 13258 
100 1 |a Van Loon, Hans 
245 1 2 |a El horizonte global del derecho internacional privado  |h [Recurso electrn̤ico] /  |c Hans Van Loon 
256 |a Servicio en ln̕ea 
260 |a Caracas:  |b Revista Venezolana de Legislacin̤ y Jurisprudencia,  |c 2020 
300 |a 1 recurso electrn̤ico 
506 1 |a Disponible solo en los productos indicados  |d vLex Global  |d vLex Global (Academic Edition, excluding Law Schools)  |d vLex Global (U.S. Academic Edition, Law Schools)  |d vLex Global (U.S. Academic Edition, excluding Law Schools)  |d vLex Global (Academic Edition, Law Schools) 
650 0 4 |a Derecho Internacional  |z Venezuela 
740 0 |a vLex Libros (Servicio en ln̕ea) 
856 4 0 |u https://app.vlex.com/#/sources/36205  |z Acceso restringido 
942 |c BOOK 
999 0 |a International right